Wrocław bezpośrednie loty - Statystyki

Ogólne statystyki
  • Ten quiz został rozwiązany 107 razy
    98 od ostatniego zresetowania
  • Średni wynik to 24 z 50
Statystyki odpowiedzi
Linia lotnicza Kraj Miasto % Poprawnych
LOT Polska Warszawa
100%
Ryanair Wielka Brytania Londyn
99%
Wizz Air Wielka Brytania Londyn
99%
Air France Francja Paryż
99%
SAS Dania Kopenhaga
96%
Wizz Air Norwegia Oslo
96%
Ryanair Irlandia Dublin
94%
Ryanair Hiszpania Madryt
92%
Wizz Air Szwecja Sztokholm
91%
KLM Holandia Amsterdam
88%
Ryanair Włochy Rzym
88%
Wizz Air Ukraina Kijów
87%
Ryanair Wielka Brytania Manchester
86%
Wizz Air Islandia Reykjavik
82%
Ryanair Grecja Ateny
81%
Wizz Air Ukraina Lwów
68%
Ryanair Wielka Brytania Liverpool
64%
Ryanair Wielka Brytania Edynburg
61%
Ryanair Wielka Brytania Glasgow
56%
Tui Albania Tirana
53%
Wizz Air Ukraina Charków
48%
Wizz Air Wielka Brytania Birmingham
45%
Ryanair Irlandia Cork
44%
Ryanair Hiszpania Malaga
44%
Wizz Air Ukraina Odessa
40%
Ryanair Włochy Palermo
40%
Ryanair Wielka Brytania Leeds
39%
Wizz Air Holandia Eindhoven
32%
Ryanair Malta Malta
32%
Tui Bułgaria Warna
32%
Ryanair Wielka Brytania Bristol
31%
Tui Bułgaria Burgas
30%
Tui Turcja Antalya
29%
Ryanair Wielka Brytania Newcastle
26%
Tui Turcja Izmir
25%
Ryanair Hiszpania Palma
25%
Ryanair Grecja Chania
23%
Wizz Air Egipt Hurghada
22%
Ryanair Hiszpania Alicante
21%
Wizz Air Cypr Larnaka
19%
Ryanair Hiszpania Teneryfa
16%
Tui Turcja Bodrum
14%
Ryanair Portugalia Faro
13%
Ryanair Irlandia Shannon
10%
Ryanair Wielka Brytania East Midlands
9%
Wizz Air Ukraina Zaporoże
9%
Ryanair Włochy Cagliari
6%
Wizz Air Wielka Brytania Doncaster
5%
Tui Grecja Zakyntos
5%
Tui Tunezja Enfidia
1%
Nie znaleziono quizów pasujących do podanych kryteriów
Rozkład punktacji
Procent ludzi z każdym wynikiem
Percentyl według liczby udzielonych odpowiedzi
Twoja historia wyników
Nie rozwiązałeś tego quizu od ostatniego zresetowania